| 000 | 00437cam a2200169ua 4500 | ||
|---|---|---|---|
| 020 | _c7.00 | ||
| 041 |
_amal _h |
||
| 082 |
_a928.94812 _bPAR/CV |
||
| 100 | _aParameswaran Nair, P K . | ||
| 245 |
_aC V Raman Pillai / _cP K Parameswaran Nair. _hTextual Documents |
||
| 260 |
_aTrivandrum : _bKerala sahitya co.society Ltd. , _c1959. |
||
| 300 | _a346 ; . | ||
| 365 | _a7.00 | ||
| 504 | _a | ||
| 942 | _cBK | ||
| 999 |
_c5249 _d5249 |
||